[Event "Titled Tue 17th Jun Early"]
[Site "chess.com INT"]
[Date "2025.06.17"]
[Round "5"]
[White "Kourkoulos-Arditis, Stamatis"]
[Black "Herrera Ortiz, Miguel"]
[Result "1-0"]
[WhiteTitle "GM"]
[BlackTitle "IM"]
[WhiteElo "2580"]
[BlackElo "2174"]
[WhiteFideId "4221990"]
[BlackFideId "5100550"]
[EventDate "2025.06.17"]

1. b3 e6 2. Bb2 d5 3. Nf3 Nf6 4. c4 b6 5. cxd5 exd5 6. g3 Bb7 7. Bg2 Be7 8. O-O
O-O 9. e3 c5 10. d4 Nc6 11. Nc3 Re8 12. Rc1 Bf8 13. Re1 Rc8 14. Re2 c4 15. bxc4
dxc4 16. Ne5 Na5 17. Bxb7 Nxb7 18. Nb5 a6 19. Na7 b5 20. Nxc8 Qxc8 21. e4 Nd6
22. f3 b4 23. Nxc4 Nxc4 24. Qb3 Qh3 25. Qxc4 h5 26. e5 Nh7 27. d5 Ng5 28. Qf4 f6
29. e6 Bd6 30. Qxd6 Nxf3+ 31. Kh1 Qg4 32. Qf4 1-0

[Event "Titled Tue 17th Jun Early"]
[Site "chess.com INT"]
[Date "2025.06.17"]
[Round "5"]
[White "Sheehan, Ethan"]
[Black "Carlsen, Magnus"]
[Result "0-1"]
[BlackTitle "GM"]
[WhiteElo "2364"]
[BlackElo "2837"]
[WhiteFideId "30943965"]
[BlackFideId "1503014"]
[EventDate "2025.06.17"]

1. d4 Nf6 2. Nf3 g6 3. c4 Bg7 4. Nc3 O-O 5. e4 d6 6. Be2 Na6 7. O-O e5 8. Re1
Re8 9. d5 Nc5 10. Bf1 a5 11. Qc2 Bg4 12. Nd2 Nh5 13. Nb3 b6 14. Be3 Bd7 15. Nd2
f5 16. f3 f4 17. Bf2 g5 18. b3 g4 19. fxg4 Bxg4 20. a3 Bf6 21. b4 Nb7 22. Be2
Bxe2 23. Nxe2 Bh4 24. Bxh4 Qxh4 25. Nf3 Qg4 26. Qa4 Kh8 27. h3 Qg7 28. Kh1 Rg8
29. Rg1 axb4 30. Qxb4 Nc5 31. Nc3 Nd3 0-1

[Event "Titled Tue 17th Jun Early"]
[Site "chess.com INT"]
[Date "2025.06.17"]
[Round "5"]
[White "Chiappero, Julio Alfredo"]
[Black "Gales, Randi-Ioan"]
[Result "0-1"]
[WhiteTitle "FM"]
[BlackTitle "CM"]
[WhiteElo "2238"]
[BlackElo "2243"]
[WhiteFideId "139998"]
[BlackFideId "1285360"]
[EventDate "2025.06.17"]

1. d4 d5 2. c4 e6 3. Nc3 Nf6 4. cxd5 exd5 5. Bg5 c6 6. e3 Qb6 7. Qc1 Ne4 8. Bf4
Bd6 9. Bxd6 Nxd6 10. Bd3 Qd8 11. Nge2 Qg5 12. O-O Bf5 13. Bxf5 Qxf5 14. Ng3 Qg6
15. Qb1 O-O 16. Qxg6 hxg6 17. b4 Nd7 18. Rab1 b5 19. e4 Nb6 20. Rfe1 Rfe8 21. f3
a6 22. Kf2 Kf8 23. Rbd1 a5 24. bxa5 Rxa5 25. exd5 Rxe1 26. Rxe1 Nxd5 27. Nge2
Nxc3 28. Nxc3 b4 29. Ne4 Rxa2+ 30. Kg3 Nf5+ 31. Kf4 b3 32. g4 Nxd4 33. Nd6 Re2
34. Rb1 0-1

[Event "Titled Tue 17th Jun Early"]
[Site "chess.com INT"]
[Date "2025.06.17"]
[Round "5"]
[White "Zebracki, Tomasz"]
[Black "Mora Munoz, Alejandro"]
[Result "0-1"]
[WhiteTitle "FM"]
[BlackTitle "FM"]
[WhiteElo "2230"]
[BlackElo "2147"]
[WhiteFideId "1181521"]
[BlackFideId "4469844"]
[EventDate "2025.06.17"]

1. d4 Nf6 2. Bf4 e6 3. e3 c5 4. Nf3 cxd4 5. exd4 b6 6. Be2 Ba6 7. Bxa6 Nxa6 8.
O-O Be7 9. c3 O-O 10. h3 d6 11. Nbd2 Nc7 12. Re1 Qd7 13. a4 a6 14. Qb3 b5 15.
axb5 axb5 16. c4 Rfb8 17. cxb5 Qxb5 18. Qxb5 Nxb5 19. Rec1 Nd5 20. Bg3 Kf8 21.
Nc4 Ke8 22. Na5 Rc8 23. Rxc8+ Rxc8 24. Nd2 Nxd4 25. Kf1 Nf5 26. Bh2 Ra8 27. Nab3
Rxa1+ 28. Nxa1 Bf6 29. Nc4 Kd7 30. Nc2 Be7 31. g4 Nh4 32. Nd4 Ng6 33. Nb5 Ngf4
34. Ne3 Nxe3+ 35. fxe3 Nxh3 0-1

[Event "Titled Tue 17th Jun Early"]
[Site "chess.com INT"]
[Date "2025.06.17"]
[Round "5"]
[White "Swara Lakshmi S Nair"]
[Black "Ndirangu, Nyaruai, Joyce"]
[Result "1-0"]
[WhiteTitle "WCM"]
[BlackTitle "WCM"]
[WhiteElo "2187"]
[BlackElo "1909"]
[WhiteFideId "25629239"]
[BlackFideId "10802886"]
[EventDate "2025.06.17"]

1. e4 e5 2. Nf3 Nc6 3. Bb5 a6 4. Ba4 Bc5 5. O-O Nf6 6. c3 O-O 7. d4 exd4 8. cxd4
Ba7 9. e5 Nd5 10. Nc3 Nce7 11. Bb3 Nxc3 12. bxc3 d6 13. Re1 dxe5 14. Nxe5 Bf5
15. Bg5 Be6 16. d5 f6 17. Nf3 Bxd5 18. Rxe7 Bxb3 19. Qxb3+ Kh8 20. Bxf6 gxf6 21.
Rae1 Bb6 22. Qc2 f5 23. Ng5 h6 24. Rh7+ Kg8 25. Qb3+ 1-0

[Event "Titled Tue 17th Jun Early"]
[Site "chess.com INT"]
[Date "2025.06.17"]
[Round "5"]
[White "Junior, Liduino F Vasconcelos"]
[Black "Dighton, Simon"]
[Result "1-0"]
[BlackTitle "CM"]
[WhiteElo "2047"]
[BlackElo "2237"]
[WhiteFideId "2109913"]
[BlackFideId "408603"]
[EventDate "2025.06.17"]

1. e4 c5 2. b3 Nc6 3. Bb2 d6 4. Bb5 Bd7 5. f4 Nf6 6. Nc3 g6 7. Nf3 Bg7 8. Qe2
O-O 9. O-O-O Nd4 10. Nxd4 cxd4 11. Nd5 Nxd5 12. exd5 e5 13. dxe6 Bxe6 14. Bd3 a5
15. f5 Bd5 16. a4 Qc7 17. Kb1 Rac8 18. Rhf1 Qb6 19. h4 Rfe8 20. Qg4 Bxb3 21.
cxb3 Qxb3 22. Bb5 d3 23. f6 Rc2 24. Qd4 Bxf6 25. Rxf6 Rxb2+ 26. Qxb2 Qxd1+ 27.
Ka2 Re1 28. Rxd6 Kf8 29. Rd8+ Ke7 30. Re8+ Kd6 31. Qd4+ Kc7 32. Qd8# 1-0

[Event "Titled Tue 17th Jun Early"]
[Site "chess.com INT"]
[Date "2025.06.17"]
[Round "5"]
[White "Mitrabha, Guha"]
[Black "Mayank, Chakraborty"]
[Result "0-1"]
[WhiteTitle "GM"]
[BlackTitle "IM"]
[WhiteElo "2515"]
[BlackElo "2457"]
[WhiteFideId "5057000"]
[BlackFideId "25659766"]
[EventDate "2025.06.17"]

1. Nf3 d5 2. b3 c5 3. e3 Nf6 4. Bb2 e6 5. Be2 Nc6 6. O-O Bd6 7. d4 O-O 8. dxc5
Bxc5 9. c4 dxc4 10. Bxc4 a6 11. Be2 Qe7 12. Nbd2 Rd8 13. Rc1 Ba3 14. Qc2 Bxb2
15. Qxb2 e5 16. Nc4 Bg4 17. Rfe1 e4 18. Nfe5 Nxe5 19. Qxe5 Qxe5 20. Nxe5 Bxe2
21. Rxe2 Rd5 22. f4 exf3 23. Nxf3 Rad8 24. Rec2 Ng4 25. Re1 Rd1 26. Re2 f5 27.
h3 Rxe1+ 28. Rxe1 Nf6 29. Rc1 Re8 30. Rc7 b5 31. Nd4 Nd5 32. Ra7 g6 33. Rxa6 b4
34. Rd6 Nc3 35. Kf2 Ne4+ 0-1

[Event "Titled Tue 17th Jun Early"]
[Site "chess.com INT"]
[Date "2025.06.17"]
[Round "5"]
[White "Nayak, Rajesh"]
[Black "Khazan, Yevgeny"]
[Result "1-0"]
[WhiteTitle "FM"]
[BlackTitle "CM"]
[WhiteElo "2262"]
[BlackElo "2135"]
[WhiteFideId "35017152"]
[BlackFideId "2806193"]
[EventDate "2025.06.17"]

1. e4 c5 2. Nf3 e6 3. d4 cxd4 4. Nxd4 Nf6 5. Nc3 d6 6. Be2 Nc6 7. O-O Be7 8. Be3
O-O 9. f4 e5 10. Nf3 exf4 11. Bxf4 Be6 12. Ng5 Qb6+ 13. Kh1 Qxb2 14. Nb5 Ne5 15.
Nxe6 fxe6 16. Nc7 Rac8 17. Nxe6 Rxc2 18. Rb1 Qxa2 19. Rxb7 Rxe2 20. Rxe7 Rxg2
21. Nxf8 Neg4 22. Qf3 Rxh2+ 23. Kg1 Kxf8 24. Bxd6 Kg8 25. Qxg4 h5 26. Qxg7# 1-0

[Event "Titled Tue 17th Jun Early"]
[Site "chess.com INT"]
[Date "2025.06.17"]
[Round "5"]
[White "Kiseleva, Arina"]
[Black "Gavarrete, Nahun"]
[Result "1-0"]
[WhiteTitle "WCM"]
[BlackTitle "FM"]
[WhiteElo "1994"]
[BlackElo "2281"]
[WhiteFideId "4164989"]
[BlackFideId "8400709"]
[EventDate "2025.06.17"]

1. d4 d5 2. Nf3 Nf6 3. e3 e6 4. Bd3 c5 5. b3 Nc6 6. O-O Bd6 7. Bb2 O-O 8. Nbd2
Re8 9. Ne5 Qc7 10. Nxc6 bxc6 11. dxc5 Bxc5 12. Bxf6 gxf6 13. Qg4+ Kf8 14. Bxh7
Ke7 15. Qg7 Bd6 16. Nf3 e5 17. c4 e4 18. Nd4 Bxh2+ 19. Kh1 Be5 20. cxd5 cxd5 21.
Rac1 Qb7 22. Nc6+ Ke6 23. Nxe5 Kxe5 24. Qg3+ Ke6 25. Rc7 Qb6 26. Rfc1 Bb7 27.
Qg4+ Kd6 28. Rd7+ Ke5 29. Qf5# 1-0

[Event "Titled Tue 17th Jun Early"]
[Site "chess.com INT"]
[Date "2025.06.17"]
[Round "5"]
[White "Zhukovskyi, Oleksandr"]
[Black "Ady, Jonathan J."]
[Result "0-1"]
[WhiteTitle "CM"]
[BlackTitle "FM"]
[WhiteElo "2145"]
[BlackElo "2355"]
[WhiteFideId "14169371"]
[BlackFideId "6000240"]
[EventDate "2025.06.17"]

1. b3 e5 2. Bb2 Nc6 3. c4 Nf6 4. Nf3 d6 5. e3 e4 6. Nd4 Bd7 7. Be2 g6 8. O-O Bg7
9. d3 exd3 10. Qxd3 O-O 11. Nd2 Ne5 12. Qc3 Re8 13. Rad1 Qe7 14. Qc1 a6 15. N2f3
Ne4 16. Qc2 Ng4 17. Bd3 Nexf2 18. Rxf2 Qxe3 19. Re1 Qxf2+ 20. Qxf2 Nxf2 21. Kxf2
c5 22. Be4 cxd4 23. Bxb7 Rxe1 24. Kxe1 Re8+ 25. Kd2 Bh6+ 26. Kd1 d3 27. Bc3 Re2
28. Nd4 Rxa2 0-1

[Event "Titled Tue 17th Jun Early"]
[Site "chess.com INT"]
[Date "2025.06.17"]
[Round "5"]
[White "Veleshnja, Zino"]
[Black "Aarit Kapil"]
[Result "0-1"]
[WhiteTitle "FM"]
[BlackTitle "CM"]
[WhiteElo "2245"]
[BlackElo "2078"]
[WhiteFideId "4701313"]
[BlackFideId "33408947"]
[EventDate "2025.06.17"]

1. d4 Nf6 2. Nc3 d5 3. Bf4 e6 4. Nb5 Na6 5. e3 c6 6. Nc3 Nb8 7. Nf3 Bd6 8. Bg3
Ne4 9. Bd3 f5 10. Be5 O-O 11. Ne2 Bxe5 12. Nxe5 Nd7 13. f4 Nxe5 14. fxe5 Qg5 15.
Bxe4 fxe4 16. Nf4 Rxf4 17. exf4 Qxg2 18. Rf1 b6 19. Qd2 Qh3 20. O-O-O Ba6 21.
Rfe1 Rf8 22. Re3 Qg4 23. Rg3 Qxf4 24. Qxf4 Rxf4 25. Rdg1 g6 26. R1g2 Bf1 27. Rg1
Rf2 28. Kd1 Be2+ 29. Ke1 Rxh2 30. R1g2 Rxg2 31. Rxg2 Bf3 32. Rg3 Kg7 33. Kf2 h5
34. Ke3 Kh6 35. Kf4 h4 36. Rg1 h3 37. Rg3 g5+ 38. Ke3 g4 0-1

[Event "Titled Tue 17th Jun Early"]
[Site "chess.com INT"]
[Date "2025.06.17"]
[Round "5"]
[White "Yonal, Timur"]
[Black "Murthy, Pappu"]
[Result "1-0"]
[WhiteTitle "FM"]
[WhiteElo "2170"]
[BlackElo "1838"]
[WhiteFideId "44115725"]
[BlackFideId "2013401"]
[EventDate "2025.06.17"]

1. e4 e5 2. Nf3 Nc6 3. Bb5 a6 4. Ba4 Nf6 5. O-O Be7 6. Re1 b5 7. Bb3 O-O 8. Nc3
Bb7 9. a4 b4 10. Nd5 d6 11. d4 exd4 12. Nxd4 Nxd4 13. Qxd4 Nxd5 14. exd5 Rb8 15.
a5 Bf6 16. Qg4 Re8 17. Bd2 Bxb2 18. Rxe8+ Qxe8 19. Re1 Qb5 20. Qxb4 Qd7 21. Ba4 1-0

[Event "Titled Tue 17th Jun Early"]
[Site "chess.com INT"]
[Date "2025.06.17"]
[Round "5"]
[White "Lopez Del Alamo, Antonio"]
[Black "Lyutsinger, Iren"]
[Result "1-0"]
[WhiteTitle "FM"]
[BlackTitle "FM"]
[WhiteElo "2166"]
[BlackElo "2261"]
[WhiteFideId "2227339"]
[BlackFideId "34425969"]
[EventDate "2025.06.17"]

1. e4 e5 2. Bc4 Nf6 3. d3 c6 4. Nf3 Bd6 5. Bb3 O-O 6. O-O Bc7 7. c3 d5 8. Nbd2
h6 9. Re1 Re8 10. Bc2 b6 11. Nf1 Bb7 12. Ng3 dxe4 13. dxe4 Qxd1 14. Rxd1 Nbd7
15. Be3 Rad8 16. b4 Nf8 17. a4 Ne6 18. a5 bxa5 19. bxa5 Rxd1+ 20. Bxd1 Rd8 21.
Bb3 Ba6 22. Bxa7 Rd3 23. Bb6 Bb8 24. Rc1 Nd7 25. Be3 Ndc5 26. Bxe6 Nxe6 27. Nf5
Kf8 28. Rb1 Bc7 29. Bb6 Ke8 30. Bxc7 Nxc7 31. Rb8+ Rd8 32. Nxg7+ Ke7 33. Nf5+
Ke8 34. Rxd8+ Kxd8 35. Nxe5 Bb5 36. Nxf7+ Kd7 37. N7xh6 Bd3 38. f3 c5 39. Kf2
Kc6 40. Ke3 Bf1 41. g4 Kb5 42. Nd6+ Kxa5 43. Nhf5 Ka4 44. h4 Kb3 45. h5 Kxc3 46.
h6 Ne6 47. h7 1-0

[Event "Titled Tue 17th Jun Early"]
[Site "chess.com INT"]
[Date "2025.06.17"]
[Round "5"]
[White "Terkiewicz, Bruno"]
[Black "Sreyas, Payyappat"]
[Result "1-0"]
[WhiteTitle "CM"]
[BlackTitle "FM"]
[WhiteElo "2183"]
[BlackElo "2107"]
[WhiteFideId "21093245"]
[BlackFideId "46674969"]
[EventDate "2025.06.17"]

1. e4 e5 2. Nf3 Nc6 3. Bb5 a6 4. Ba4 b5 5. Bb3 Bb7 6. O-O Bc5 7. c3 Nf6 8. d4
Bd6 9. Ng5 O-O 10. f4 exd4 11. e5 Bc5 12. exf6 Qxf6 13. Ne4 dxc3+ 14. Kh1 Qf5
15. Nbxc3 Bd4 16. Ng3 Qf6 17. Nce4 Qd8 18. f5 d5 19. Nc3 Bxc3 20. bxc3 Ne5 21.
f6 g6 22. Ba3 Re8 23. Be7 Qd7 24. Qd2 Rxe7 25. Qh6 1-0

[Event "Titled Tue 17th Jun Early"]
[Site "chess.com INT"]
[Date "2025.06.17"]
[Round "5"]
[White "Marynychenko, Yehor"]
[Black "Rubes, Jan"]
[Result "1-0"]
[WhiteTitle "CM"]
[BlackTitle "IM"]
[WhiteElo "2183"]
[BlackElo "2426"]
[WhiteFideId "34160558"]
[BlackFideId "338176"]
[EventDate "2025.06.17"]

1. e4 c5 2. c3 d5 3. exd5 Qxd5 4. d4 Nf6 5. Nf3 e6 6. c4 Qe4+ 7. Be2 cxd4 8. O-O
Nc6 9. Nbd2 Qg6 10. Nb3 Ne4 11. Nbxd4 Bd7 12. Nxc6 Bxc6 13. Ne5 Qf6 14. Nxc6
bxc6 15. Bf3 Qg6 16. Qa4 Rc8 17. Qa6 Rc7 18. Bf4 e5 19. Bxe5 Rd7 20. Bxe4 Qxe4
21. Rae1 Qd4 1-0

[Event "Titled Tue 17th Jun Early"]
[Site "chess.com INT"]
[Date "2025.06.17"]
[Round "5"]
[White "Kezin, Roman"]
[Black "Akkara, Omer"]
[Result "1-0"]
[WhiteTitle "IM"]
[BlackTitle "CM"]
[WhiteElo "2471"]
[BlackElo "2036"]
[WhiteFideId "24124621"]
[BlackFideId "26319802"]
[EventDate "2025.06.17"]

1. d4 Nf6 2. c4 e6 3. g3 d5 4. Nf3 Be7 5. Bg2 O-O 6. O-O b6 7. cxd5 exd5 8. Nc3
Bb7 9. Ne5 Nbd7 10. Qa4 Nb8 11. Bf4 a6 12. Rac1 h6 13. Rfd1 Bd6 14. Qb3 c6 15.
e4 Bc7 16. exd5 cxd5 17. Ng6 fxg6 18. Bxc7 Qxc7 19. Nxd5 Qf7 20. Nxf6+ gxf6 21.
Bxb7 Qxb3 22. axb3 Ra7 23. Rc7 Rf7 24. Rc8+ Rf8 25. Bd5+ Kg7 26. Rdc1 Re7 27.
R1c7 Rxc7 28. Rxc7+ Kh8 29. Be6 b5 30. d5 Rd8 31. f4 a5 32. Ra7 Re8 33. Kf2 a4
34. bxa4 bxa4 35. Ke3 a3 36. bxa3 f5 37. Kd4 1-0

[Event "Titled Tue 17th Jun Early"]
[Site "chess.com INT"]
[Date "2025.06.17"]
[Round "5"]
[White "Bozorov, Javohir"]
[Black "Adewumi, Tanitoluwa"]
[Result "0-1"]
[WhiteTitle "FM"]
[BlackTitle "FM"]
[WhiteElo "2039"]
[BlackElo "2362"]
[WhiteFideId "14216957"]
[BlackFideId "30966396"]
[EventDate "2025.06.17"]

1. e4 c5 2. Nf3 Nf6 3. e5 Nd5 4. c4 Nc7 5. Nc3 Nc6 6. Bd3 g6 7. O-O Bg7 8. Re1
O-O 9. Bc2 d5 10. d4 cxd4 11. Nxd5 Nxd5 12. cxd5 Qxd5 13. Be4 Qd8 14. Bxc6 bxc6
15. Qxd4 Be6 16. Bg5 Bd5 17. Rad1 Re8 18. Qc5 Qc8 19. Bxe7 Qg4 20. Rd4 Qe6 21.
Bd6 Rad8 22. Red1 f6 23. exf6 Bxf6 24. Rxd5 cxd5 25. Qxd5 Qxd5 26. Rxd5 Re6 27.
Ra5 Rdxd6 28. g3 Ra6 29. Rb5 Rxa2 30. b3 Ree2 31. Rb8+ Kg7 32. Rb7+ Kh6 33. g4
Rxf2 34. g5+ Bxg5 35. Nxg5 Kxg5 36. Rxh7 Rfb2 37. Rf7 Rb1+ 38. Rf1 Rxf1+ 39.
Kxf1 Rxh2 40. Kg1 Rb2 41. Kf1 Kf4 42. Ke1 Ke3 43. Kd1 Kd3 44. Kc1 Rxb3 45. Kd1
Rb1# 0-1

[Event "Titled Tue 17th Jun Early"]
[Site "chess.com INT"]
[Date "2025.06.17"]
[Round "5"]
[White "Dragnev, Valentin"]
[Black "Kurmangaliyeva, Liya"]
[Result "0-1"]
[WhiteTitle "GM"]
[BlackTitle "FM"]
[WhiteElo "2547"]
[BlackElo "2276"]
[WhiteFideId "1634852"]
[BlackFideId "13725831"]
[EventDate "2025.06.17"]

1. e4 c5 2. Nf3 e6 3. g3 Nc6 4. Bg2 Nf6 5. d3 Be7 6. a4 O-O 7. O-O d6 8. Re1 Qc7
9. Bf4 e5 10. Bg5 h6 11. Bxf6 Bxf6 12. Nc3 Ne7 13. Nd2 g6 14. Nc4 a6 15. Qd2 Bg7
16. a5 Be6 17. Nb6 Rae8 18. h4 f5 19. Ncd5 Nxd5 20. Nxd5 Qf7 21. c3 f4 22. Qd1
f3 23. Bf1 g5 24. Ne3 gxh4 25. gxh4 Qf4 0-1

[Event "Titled Tue 17th Jun Early"]
[Site "chess.com INT"]
[Date "2025.06.17"]
[Round "5"]
[White "Puranik, Abhimanyu"]
[Black "Krylov, Ivan"]
[Result "1-0"]
[WhiteTitle "GM"]
[BlackTitle "FM"]
[WhiteElo "2622"]
[BlackElo "2426"]
[WhiteFideId "5061245"]
[BlackFideId "24128066"]
[EventDate "2025.06.17"]

1. Nf3 d5 2. b3 c6 3. e3 Bg4 4. h3 Bxf3 5. Qxf3 e5 6. Bb2 Bd6 7. d3 Qf6 8. Qxf6
Nxf6 9. Nd2 Nbd7 10. g4 a5 11. a3 h5 12. g5 Ng8 13. h4 Ne7 14. Bh3 Nf8 15. Ke2
Nfg6 16. Nf3 Rg8 17. c4 e4 18. dxe4 dxe4 19. Nd2 Nxh4 20. Nxe4 Bc7 21. Nc5 b6
22. Bd7+ Kf8 23. Rxh4 bxc5 24. Rxh5 Rb8 25. Rhh1 Rxb3 26. Rab1 a4 27. Kd2 Ng6
28. Bxc6 Ne5 29. Bd5 Ke7 30. Bc3 Rgb8 31. Rxb3 Rxb3 32. f4 Nd7 33. Bxg7 Rxa3 34.
Rh7 Ba5+ 35. Ke2 Bc3 36. Bxc3 Rxc3 37. Rxf7+ Kd6 38. g6 a3 39. g7 a2 40. g8=Q
a1=Q 41. Qg6+ Kc7 42. Qc6+ Kb8 43. Qb7# 1-0

[Event "Titled Tue 17th Jun Early"]
[Site "chess.com INT"]
[Date "2025.06.17"]
[Round "5"]
[White "Grzesik, Gracjan"]
[Black "Domin, Yan"]
[Result "0-1"]
[WhiteTitle "CM"]
[BlackTitle "FM"]
[WhiteElo "2175"]
[BlackElo "2222"]
[WhiteFideId "1194593"]
[BlackFideId "34169342"]
[EventDate "2025.06.17"]

1. c4 d6 2. Nc3 Nf6 3. g3 g6 4. Bg2 Bg7 5. d4 O-O 6. e4 e5 7. Nge2 Na6 8. O-O
exd4 9. Nxd4 Nc5 10. f3 a5 11. Be3 Re8 12. Qd2 Nfd7 13. h3 h5 14. Rfe1 Ne5 15.
Bf1 c6 16. f4 Ned7 17. Bg2 Nf6 18. Bf2 a4 19. b4 axb3 20. axb3 Rxa1 21. Rxa1
Ncxe4 22. Nxe4 Nxe4 23. Bxe4 Rxe4 24. Re1 Qe8 25. Nf3 Rxe1+ 26. Bxe1 Bxh3 27.
Bf2 Qe4 28. Qd1 Bg4 0-1

[Event "Titled Tue 17th Jun Early"]
[Site "chess.com INT"]
[Date "2025.06.17"]
[Round "5"]
[White "Iskusnyh, Sergei"]
[Black "Donchenko, Alexander"]
[Result "0-1"]
[WhiteTitle "GM"]
[BlackTitle "GM"]
[WhiteElo "2440"]
[BlackElo "2613"]
[WhiteFideId "4120027"]
[BlackFideId "24603295"]
[EventDate "2025.06.17"]

1. d4 Nf6 2. c4 e6 3. g3 c5 4. Nf3 cxd4 5. Nxd4 d5 6. Bg2 e5 7. Nf3 d4 8. O-O
Nc6 9. e3 Be7 10. exd4 exd4 11. Bf4 Be6 12. Ne5 Rc8 13. Re1 O-O 14. Nd2 Qb6 15.
a3 a5 16. Qb3 Qxb3 17. Nxb3 Nxe5 18. Bxe5 d3 19. Nxa5 Nd7 20. Rad1 Nxe5 21. Rxe5
b6 22. Nc6 Bf6 23. Rb5 Rfe8 24. Bd5 Bh3 25. Rb3 d2 26. Re3 Bg5 27. Re5 Rxe5 28.
Nxe5 Re8 29. f4 Rxe5 30. fxe5 Be3+ 31. Kh1 Bg4 32. c5 Bxd1 33. c6 Bg4 0-1

[Event "Titled Tue 17th Jun Early"]
[Site "chess.com INT"]
[Date "2025.06.17"]
[Round "5"]
[White "Rogov, Matfey"]
[Black "Kjaergaard-Jensen, Jesper"]
[Result "1-0"]
[WhiteTitle "FM"]
[BlackTitle "CM"]
[WhiteElo "2348"]
[BlackElo "2081"]
[WhiteFideId "44191308"]
[BlackFideId "1406990"]
[EventDate "2025.06.17"]

1. Na3 Nf6 2. d4 d5 3. c4 e6 4. Nf3 Bxa3 5. Qa4+ Bd7 6. Qxa3 dxc4 7. g4 b5 8. g5
Nd5 9. e4 Ne7 10. Bf4 a5 11. Rd1 Nbc6 12. Bg2 Nb4 13. O-O O-O 14. Bg3 Nd3 15.
Qc3 a4 16. h4 Nc6 17. h5 Na5 18. a3 e5 19. h6 gxh6 20. gxh6 f6 21. dxe5 fxe5 22.
Nxe5 Qe7 23. Nxd3 cxd3 24. Rxd3 Be6 25. Be5 Bc4 26. Rg3+ Kf7 27. Rg7+ 1-0

[Event "Titled Tue 17th Jun Early"]
[Site "chess.com INT"]
[Date "2025.06.17"]
[Round "5"]
[White "Venkatesh, Narayan"]
[Black "Cahaya, Satria Duta"]
[Result "0-1"]
[WhiteTitle "FM"]
[BlackTitle "FM"]
[WhiteElo "2168"]
[BlackElo "2386"]
[WhiteFideId "30987881"]
[BlackFideId "7124252"]
[EventDate "2025.06.17"]

1. d4 Nf6 2. c4 g6 3. Nc3 d5 4. cxd5 Nxd5 5. e4 Nxc3 6. bxc3 Bg7 7. Bc4 c5 8.
Ne2 Nc6 9. Be3 O-O 10. O-O Bg4 11. f3 Na5 12. Bxf7+ Rxf7 13. fxg4 Rxf1+ 14. Kxf1
Qd6 15. Kg1 Qe6 16. Qd3 Qc4 17. Qxc4+ Nxc4 18. Bf2 cxd4 19. cxd4 e5 20. d5 b5
21. a4 b4 22. a5 b3 23. a6 Bf8 24. Nc3 Bb4 25. Nb5 Nd2 26. Nxa7 b2 27. Rd1 Nxe4
28. Nc6 Nc3 29. Re1 Ne2+ 0-1

[Event "Titled Tue 17th Jun Early"]
[Site "chess.com INT"]
[Date "2025.06.17"]
[Round "5"]
[White "Andreikin, Dmitry"]
[Black "Odegov, Artem"]
[Result "1/2-1/2"]
[WhiteTitle "GM"]
[BlackTitle "FM"]
[WhiteElo "2695"]
[BlackElo "2244"]
[WhiteFideId "4158814"]
[BlackFideId "34183644"]
[EventDate "2025.06.17"]

1. Nf3 d5 2. c4 e6 3. b3 c5 4. e3 Nf6 5. Bb2 Nc6 6. g3 Be7 7. Bg2 O-O 8. O-O b6
9. Nc3 Bb7 10. cxd5 Nxd5 11. Nxd5 Qxd5 12. Ne5 Qd6 13. Nc4 Qd8 14. Qg4 Bf6 15.
Bc3 Qe7 16. Qf4 Bg5 17. Qd6 Rfd8 18. Qxe7 Bxe7 19. a4 Rac8 20. Rfd1 Kf8 21. d4
cxd4 22. Bxd4 Nxd4 23. Bxb7 Rb8 24. Ba6 Nxb3 25. Rxd8+ Rxd8 26. Rb1 Nc5 27. Bb5
Rc8 28. a5 bxa5 29. Nxa5 Rb8 30. Nc6 Rb7 31. Na5 Rb8 32. Nc6 Rb7 33. Na5 Rb8 1/2-1/2

[Event "Titled Tue 17th Jun Early"]
[Site "chess.com INT"]
[Date "2025.06.17"]
[Round "5"]
[White "Kozak, Antoni"]
[Black "Dobre, Claudiu-Cristian"]
[Result "1-0"]
[BlackTitle "IM"]
[WhiteElo "2426"]
[BlackElo "2287"]
[WhiteFideId "21832030"]
[BlackFideId "1211854"]
[EventDate "2025.06.17"]

1. e4 Nc6 2. d4 d5 3. exd5 Qxd5 4. Nf3 e5 5. Nc3 Bb4 6. Bd2 Bxc3 7. Bxc3 e4 8.
Nd2 Nf6 9. Nc4 Be6 10. Ne3 Qg5 11. h4 Qg6 12. h5 Qg5 13. h6 O-O-O 14. hxg7 Qxg7
15. d5 Qg6 16. Bc4 Ng4 17. Bxh8 Nxe3 18. fxe3 Qxg2 19. Qh5 Bg4 20. Qh2 Qxh2 21.
Rxh2 Na5 22. Bf6 Rd6 23. Be5 Nxc4 24. Bxd6 cxd6 25. Rxh7 Nxe3 26. Kd2 Nxd5 27.
Rxf7 a5 28. Rg1 Bd7 29. Rgg7 Nb6 30. Ke3 d5 31. Kd4 Kc7 32. Rf6 e3 33. Rxb6 Kxb6
34. Rxd7 1-0

[Event "Titled Tue 17th Jun Early"]
[Site "chess.com INT"]
[Date "2025.06.17"]
[Round "5"]
[White "Galperin, Platon"]
[Black "Zieba, Hubert"]
[Result "1-0"]
[WhiteTitle "GM"]
[BlackTitle "CM"]
[WhiteElo "2500"]
[BlackElo "2233"]
[WhiteFideId "14165414"]
[BlackFideId "21844704"]
[EventDate "2025.06.17"]

1. d4 d5 2. Nf3 Nf6 3. Bf4 c5 4. e3 Nc6 5. Be2 cxd4 6. exd4 Bf5 7. c3 e6 8. Nbd2
Bd6 9. Bxd6 Qxd6 10. O-O O-O 11. Re1 a6 12. a4 h6 13. a5 Rfb8 14. b4 b6 15. axb6
Rxb6 16. Nb3 Ne4 17. Qc1 a5 18. b5 Qc7 19. c4 dxc4 20. Qxc4 Nd6 21. Qc5 Qb8 22.
bxc6 Rxb3 23. Rxa5 Rxa5 24. Qxa5 Be4 25. c7 Qb6 26. Qxb6 Rxb6 27. Rc1 Rc6 28.
Rxc6 Bxc6 29. Ba6 Bd7 30. Ne5 Bc8 31. Nc4 Ne8 32. Bxc8 Nxc7 33. Ne3 Kf8 34. Bb7
Ke7 35. d5 e5 36. Nc4 Kf6 37. d6 Ne6 38. Bc8 Nd8 39. Kf1 e4 40. Ke2 Kg5 41. Ke3
f5 42. h4+ Kf6 43. h5 1-0